ExamWise for CompTIA Security+ Examination, exam SY0-101 (Record no. 162837)
[ view plain ]
| 000 -LEADER | |
|---|---|
| fixed length control field | 01466nam a2200349Ia 4500 |
| 082 04 - DEWEY DECIMAL CLASSIFICATION NUMBER | |
| Classification number | 005.8/076 |
| 100 1# - MAIN ENTRY--AUTHOR NAME | |
| Personal name | Catura-Houser, Tim. |
| 245 10 - TITLE STATEMENT | |
| Title | ExamWise for CompTIA Security+ Examination, exam SY0-101 |
| 260 ## - PUBLICATION, DISTRIBUTION, ETC. (IMPRINT) | |
| Place of publication | Friendswood, Tex. : |
| Name of publisher | TotalRecall Publications, Inc., |
| Year of publication | c2002. |
| 300 ## - PHYSICAL DESCRIPTION | |
| Number of Pages | xv, 549 p. : |
| Other physical details | ill. |
| 490 0# - SERIES STATEMENT | |
| Series statement | TotalRecall: The IT question book series |
| 650 #0 - SUBJECT ADDED ENTRY--TOPICAL TERM | |
| Topical Term | Electronic data processing personnel |
| Topical Term | Computer networks |
| Topical Term | Computer security |
| 700 1# - ADDED ENTRY--PERSONAL NAME | |
| Personal name | O'Boyle, Helen. |
| Personal name | Woznicki, Michael. |
| 856 40 - ELECTRONIC LOCATION AND ACCESS | |
| Uniform Resource Identifier | http://site.ebrary.com/lib/rucke/Doc?id=10032033 |
No items available.
